Human traits and their social significance /

Bibliographic Details
Main Author: Edman, Irwin, 1896-1954
Format: Book
Language:English
Published: New York : The Arbor Press, 1919.
Subjects:

MARC

Tag First Indicator Second Indicator Subfields
LEADER 00000cam a2200000 a 4500
001 in00000075656
005 20151008053657.0
008 780608s1919 nyu b 00010 engm
010 |a  20013693  
035 |a (OCoLC)03958383 
035 |9 AAH8252AM 
040 |a DLC  |c HDC  |d TXA  |d UtOrBLW 
049 |a TXAM  |c 1  |v 1-2 [800490]  |v 3 [800491]  |c 2  |v 3 [800492] 
050 0 0 |a HM251  |b .E42 
100 1 |a Edman, Irwin,  |d 1896-1954. 
245 1 0 |a Human traits and their social significance /  |c by Irwin Edman. 
264 1 |a New York :  |b The Arbor Press,  |c 1919. 
300 |a 3 volumes ;  |c 23 cm. 
336 |a text  |b txt  |2 rdacontent 
337 |a unmediated  |b n  |2 rdamedia 
338 |a volume  |b nc  |2 rdacarrier 
500 |a Parts I and II (issued in one volume) published also as thesis (PH. D.) Columbia University, 1920. 
500 |a "Printed for use of the students of Columbia College." 
500 |a "Designed to accompany the syllabus for the course entitled Introduction to contemporary civilization given in Columbia College ... Part I is a consideration of the types of human behaviour; part II a discussion of individual traits, especially those which are most crucial in social and political relations. Part III is a brief analysis of the four great actvities of the human mind and imagination, religion, art, science, and morals."--Foreword, volume 1. 
504 |a Includes bibliographical references. 
650 0 |a Social psychology. 
999 |a MARS 
999 f f |s 45d84a1d-6468-3784-be00-3d48c895b0ed  |i 7ebb2b0e-486b-3a51-bb89-1ea378f6664c  |t 0 
952 f f |p ric  |a Texas A&M University  |b Rellis Campus  |c Joint Library Facility  |s JLF  |d Remote Storage  |t 0  |e HM251 .E42  |h Library of Congress classification  |i unmediated -- volume  |k v.3  |m A14806139642 
952 f f |p ric  |a Texas A&M University  |b Rellis Campus  |c Joint Library Facility  |s JLF  |d Remote Storage  |t 0  |e HM251 .E42  |h Library of Congress classification  |i unmediated -- volume  |k v.1-2  |m A14852529362 
998 f f |a HM251 .E42  |s v.1-2,v.3  |t 0  |l Remote Storage 
998 f f |a HM251 .E42  |s v.1-2  |t 0  |l Remote Storage